KOHA-Header-6

State and Democracy in Pakistan (Record no. 6882)

000 -LEADER
fixed length control field 00265nam a2200109Ia 4500
100 ## - MAIN ENTRY--AUTHOR NAME
Personal name Dr Inayatullah
245 #0 - TITLE STATEMENT
Title State and Democracy in Pakistan
260 ## - PUBLICATION, DISTRIBUTION, ETC. (IMPRINT)
Place of publication Lahore
Name of publisher Royal Book
Year of publication 1997
300 ## - PHYSICAL DESCRIPTION
Number of Pages 438
942 ## - ADDED ENTRY ELEMENTS (KOHA)
Koha item type Books
Holdings
Withdrawn status Lost status Collection code Permanent Location Current Location Shelving location Date acquired Full call number Accession Number Koha item type
    English Literature MAJU MAJU Shelf No.A13 2019-09-11 321.8954 381 English Literature

Powered by Koha